Rappeurs français - Statistiques

Statistiques générales
  • Ce quiz a été pris 1 266 fois
    1 240 depuis la dernière actualisation
  • Le résultat moyen est 28 sur 86
Statistiques - réponses
Réponses % Correct
Booba
90%
Ninho
84%
Jul
82%
Kaaris
80%
PNL
78%
Nekfeu
77%
Damso
75%
SCH
72%
Niska
70%
Koba la d
66%
Vald
63%
Orelsan
62%
Maître Gims
60%
PLK
58%
Maes
51%
Lomepal
50%
Sofiane
50%
Soprano
48%
Kalash
45%
Roméo Elvis
45%
Heuss l'enfoiré
44%
La Fouine
44%
Gradur
42%
Alonzo
41%
IAM
41%
Lacrim
41%
Lefa
41%
Bigflo et Oli
39%
Zola
39%
Hamza
37%
Lorenzo
37%
Naps
37%
Alpha Wann
36%
Kalash Criminel
36%
MHD
35%
Niro
35%
Rim'k
35%
Freeze Corleone
33%
Mister V
33%
Diam's
31%
Hornet la frappe
28%
Dosseh
26%
Jok'air
26%
Sadek
26%
Alkpote
25%
Guizmo
25%
Soolking
25%
13 block
24%
Sneazzy
24%
Kery James
23%
Naza
23%
Columbine
21%
Youssoupha
21%
Moha la squale
20%
Djadja et Dinaz
19%
MC Solaar
19%
Médine
19%
S.Pri Noir
18%
4keus
17%
DTF
17%
L'Algérino
17%
Mister You
16%
Seth Gueko
16%
Suprême NTM
15%
Caballero et Jeanjass
14%
Oxmo Puccino
14%
Hugo tsr
13%
MMZ
13%
Sinik
13%
Vegedream
13%
Jazzy Bazz
12%
Kekra
12%
Lino
12%
Doc gynéco
11%
Disiz
9%
S-Crew
9%
Kool Shen
8%
Siboy
8%
Brulux
6%
Kikesa
6%
Ateyaba
5%
Davodka
3%
Arsenic
1%
Dean Burbigo
1%
Driver
1%
F430
1%
Aucun quiz correspondant
Distribution des résultats
% des personnes avec chaque résultat
Percentile par nombre de réponses
Votre historique - résultats
Vous n’avez pas pris ce quiz depuis la dernière actualisation